01750nam a22002657a 450000500170000000800410001702000190005805000170007710000270009424500560012125000120017726000570018930000390024650000190028550505810030470000240088570000280090970000240093794200120096199900160097395201230098995201240111295201240123695201240136020230614115414.0230614b ||||| |||| 00| 0 eng d a97800713189501 aP90.H745(5e) aPearson, Judy C.91049 aHuman communication /cJudy C. Pearson ... [et at.] a5th ed. aNew York :bMcGraw-Hill Connect Learn Suceed,c2013. axxv, 388 p. :bcol. ill. ;c25 cm. aInclude index. aContents: Part 1: Fundamentals of communication studies: Introduction to human communication -- Perception, self, and communication -- Language and meaning -- Nonverbal communication -- Listening and critical thinking -- Part 2: Communication contexts: Interpersonal communication -- Intercultural communication -- Small-group communication -- Workplace communication -- Part 3: Topic selection and audience analysis -- Being credible and using evidence -- Organizing your presentation -- Delivery and visual resources -- Informative presentations -- Persuasive presentations. aNelson, Paul.91627 aTitsworth, Scott.91628 aHarter, Lynn.91629 2lcccBK c9675d17175 00102lcc4070aWIUC-1bWIUC-1cREFd2023-06-14l0oP90.H745(5e)p9365/066/23r2023-06-14 00:00:00t1w2023-06-14yBK 00102lcc4070aWIUC-1bWIUC-1cREFd2023-06-14l0oP90.H7451(5e)p9366/067/23r2023-06-14 00:00:00t2w2023-06-14yBK 00102lcc4070aWIUC-1bWIUC-1cREFd2023-06-14l0oP90.H7452(5e)p9367/068/23r2023-06-14 00:00:00t3w2023-06-14yBK 00102lcc4070aWIUC-1bWIUC-1cREFd2023-06-14l0oP90.H7453(5e)p9368/069/23r2023-06-14 00:00:00t4w2023-06-14yBK